Faculty of Law Library — Cairo University

Official Online Catalog

Le rôle des laboratoires de police technique au point de vue de la police judiciaire et de l'instruction préparatoire / (Record no. 74406)

MARC details
000 -LEADER
fixed length control field 00895nam a2200265 i 4500
003 - CONTROL NUMBER IDENTIFIER
control field EG-GICUC
005 - DATE AND TIME OF LATEST TRANSACTION
control field 20260430092216.0
008 - FIXED-LENGTH DATA ELEMENTS--GENERAL INFORMATION
fixed length control field 260430s1929 fr ||||f |||| 00| 0 fre d
040 ## - CATALOGING SOURCE
Original cataloging agency EG-GiCUC
Language of cataloging fre
Transcribing agency EG-GiCUC
Modifying agency EG-GiCUC
Description conventions Rda
043 ## - GEOGRAPHIC AREA CODE
Geographic area code e-fr---
082 04 - DEWEY DECIMAL CLASSIFICATION NUMBER
Edition number 21
Classification number 343.353
092 04 - LOCALLY ASSIGNED DEWEY CALL NUMBER (OCLC)
Edition number 21
099 ## - LOCAL FREE-TEXT CALL NUMBER (OCLC)
Classification number Law1 10 343.353 MO .R 1929 1010082 C1
100 1# - MAIN ENTRY--PERSONAL NAME
Personal name Mohamed Zaki
Relator term Auteur
245 ## - TITLE STATEMENT
Title Le rôle des laboratoires de police technique au point de vue de la police judiciaire et de l'instruction préparatoire /
Statement of responsibility, etc. Par Mohamed Zaki.
300 ## - PHYSICAL DESCRIPTION
Extent 205 pages ;
Dimensions 24 cm
336 ## - CONTENT TYPE
Source rda contenu
Content type term texte
337 ## - MEDIA TYPE
Source rda medias
Media type term Ordinateur
338 ## - CARRIER TYPE
Source transporteur rda
Carrier type term Ressource en ligne
650 1# - SUBJECT ADDED ENTRY--TOPICAL TERM
Topical term or geographic name entry element Criminal investigation
Geographic subdivision France
Source of heading or term qrmak
651 1# - SUBJECT ADDED ENTRY--GEOGRAPHIC NAME
Source of heading or term qrmak
856 40 - ELECTRONIC LOCATION AND ACCESS
Uniform Resource Identifier <a href="https://fll.law.cu.edu.eg/fulltext/bks/B10-10082.pdf">https://fll.law.cu.edu.eg/fulltext/bks/B10-10082.pdf</a>
905 ## - Cataloger and Reviser Names
Cataloger Name: Nora Khalil
942 ## - ADDED ENTRY ELEMENTS (KOHA)
Source of classification or shelving scheme Dewey Decimal Classification
Koha item type Books
Edition 21
Suppress in OPAC No
Holdings
Withdrawn status Lost status Source of classification or shelving scheme Damaged status Not for loan Collection Home library Current library Date acquired Total checkouts Full call number Barcode Date last seen Price effective from Koha item type
    Dewey Decimal Classification Damaged Not for loan القانون الجنائي جــــامعة القــاهرة مكتبة كلية الحقوق - المبنى الرئيسي 30.04.2026   Law1 10 343.353 MO .R 1929 1010082 C1 B10-10082 30.04.2026 30.04.2026 Books

© All rights reserved — Faculty of Law, Cairo University